| 000 | 00718nam a22001577a 4500 | ||
|---|---|---|---|
| 041 | _aukr | ||
| 080 | _a09 | ||
| 090 | _bСЕВ | ||
| 100 | _aСевастянова І. В. | ||
| 245 | _aНімецька лірика кінця 20-го століття | ||
| 260 |
_aОстрог _bКАФ _c2004 |
||
| 300 | _a45 | ||
| 520 |
_aРозділ 1. Аналіз творчості Ж.Ф.А.Олівера.
1.1. Аналіз вірща Ж.Ф.А.Олівера "Мати і мова".
1.2. Теоретичний аспект лірики.
Розділ 2. Тема кохання у німецькій ліриці наприкінці 20-го століття. _0Лірика |
||
| 650 | _aResearch Papers | ||
| 999 |
_c282607 _d282607 |
||
| 942 | _cBK | ||